Experimental Psychology (Record no. 229970)
[ view plain ]
| 000 -LEADER | |
|---|---|
| fixed length control field | 00795nam a22002297a 4500 |
| 005 - DATE AND TIME OF LATEST TRANSACTION | |
| control field | 20240302131630.0 |
| 008 - FIXED-LENGTH DATA ELEMENTS--GENERAL INFORMATION | |
| fixed length control field | 240302b ||||| |||| 00| 0 eng d |
| 020 ## - INTERNATIONAL STANDARD BOOK NUMBER | |
| International Standard Book Number | 9789353502836 |
| 040 ## - CATALOGING SOURCE | |
| Transcribing agency | AL |
| 041 ## - LANGUAGE CODE | |
| Language code of text/sound track or separate title | eng |
| 082 ## - DEWEY DECIMAL CLASSIFICATION NUMBER | |
| Edition number | 23 |
| Classification number | 150.724 |
| Item number | KANE |
| 100 ## - MAIN ENTRY--PERSONAL NAME | |
| Personal name | Barry H Kantowitz |
| 9 (RLIN) | 152599 |
| 245 ## - TITLE STATEMENT | |
| Title | Experimental Psychology |
| 250 ## - EDITION STATEMENT | |
| Edition statement | 10th ed. |
| 260 ## - PUBLICATION, DISTRIBUTION, ETC. | |
| Place of publication, distribution, etc. | New Delhi |
| Name of publisher, distributor, etc. | Cengage Learning |
| Date of publication, distribution, etc. | 2015 |
| 300 ## - PHYSICAL DESCRIPTION | |
| Extent | xxxviii,612p. |
| Other physical details | PB |
| Dimensions | 24x18cm. |
| 365 ## - TRADE PRICE | |
| Source of price type code | General |
| Price type code | 7740 |
| Price amount | ₹1244.00 |
| Currency code | ₹ |
| Unit of pricing | ₹1595.00 |
| Price note | 22% |
| Price effective from | 15-02-2024 |
| 520 ## - SUMMARY, ETC. | |
| Summary, etc. | Explanation in scientific psychology; Research techniques observation and correlation; Ethics in psychological research |
| 650 ## - SUBJECT ADDED ENTRY--TOPICAL TERM | |
| Source of heading or term | Psychology |
| Topical term or geographic name entry element | Experimental Research |
| 9 (RLIN) | 152600 |
| 700 ## - ADDED ENTRY--PERSONAL NAME | |
| Personal name | Roediger, Henry L; Elmes, David G |
| 9 (RLIN) | 152601 |
| 942 ## - ADDED ENTRY ELEMENTS (KOHA) | |
| Source of classification or shelving scheme | Dewey Decimal Classification |
| Koha item type | Book |
| Withdrawn status | Lost status | Source of classification or shelving scheme | Damaged status | Not for loan | Collection code | Home library | Current library | Date acquired | Source of acquisition | Cost, normal purchase price | Total Checkouts | Full call number | Barcode | Date last seen | Cost, replacement price | Price effective from | Koha item type |
|---|---|---|---|---|---|---|---|---|---|---|---|---|---|---|---|---|---|
| Dewey Decimal Classification | Corporate Psychology | St Aloysius PG Library | St Aloysius PG Library | 02/24/2024 | Biblios Book Point | 1244.00 | 150.724 KANE | PG024655 | 03/02/2024 | 1595.00 | 03/02/2024 | Book |